000 00721nam a2200229 a 4500
001 26256
003 CO-ViMGA
008 141112s2004 ck r 000 u spa d
020 _a9788493961480
040 _aCO-ViMGA
_bspa
_cCO-ViMGA
041 _aspa
_beng
090 _aMACb
100 1 _aMack, Jeff
_940988
245 1 0 _aBuenas noticias :
_bmalas noticias /
_cJeff Mack
250 _a1a. ed.
260 _aBarcelona :
_bB de Blok,
_c2012
300 _a[32] p. : principalmente il. ; 24 cm
650 1 4 _aLibros ilustrados para niƱos
_92001
917 _a2013 - 3892 1 ejemplar (importado)
942 _2ddc
_cBK
990 _a2013 - 3892 Ediciones B 1 ejemplar (importado) 21 06/06/2013 a842536 09/05/2013 07/05/2013
999 _c33440
_d33440